000 00710nam a2200241Ia 4500
003 OSt
005 20220923220943.0
006 a|||||r|||| 00| 0
007 ta
008 220922b |||||||| |||| 00| 0 hin d
024 _a192,664
037 _cTextual
040 _aARTS
_cARTS
_bhin
041 _2hin
_ahin
082 _aU8:2MH:N3, 152G6;1
100 _aमनोरंजन
_9156280
245 0 _aउत्तराखंड के पथ पर
246 _aUttarākhanḍa ke path para
260 _c1936
490 _aसुन्दर-साहित्य माला; 23
942 _hU8:2MH:N3, 152G6;1
_cTEXL
_2CC
999 _c345236
_d345236